<?xml version="1.0" encoding="UTF-8"?>
<collection xmlns="http://www.loc.gov/MARC21/slim">
 <record>
  <leader>01686nam a2200181 a 4500</leader>
  <controlfield tag="001">1/42957</controlfield>
  <controlfield tag="008">120920s2005    gr            000 0 gre  </controlfield>
  <datafield tag="020" ind1=" " ind2=" ">
   <subfield code="a">9600218447</subfield>
  </datafield>
  <datafield tag="035" ind1=" " ind2=" ">
   <subfield code="l">45835</subfield>
  </datafield>
  <datafield tag="040" ind1=" " ind2=" ">
   <subfield code="a">GR-PeUP</subfield>
  </datafield>
  <datafield tag="082" ind1="0" ind2="0">
   <subfield code="a">658.3 ΠΑΤ</subfield>
  </datafield>
  <datafield tag="100" ind1="1" ind2=" ">
   <subfield code="a">Πατρινός, Δημήτριος Θ.</subfield>
  </datafield>
  <datafield tag="245" ind1="1" ind2="0">
   <subfield code="a">Μάνατζμεντ ΙΙ :</subfield>
   <subfield code="b">διοίκηση και εποπτεία προσωπικού /</subfield>
   <subfield code="c">Δημήτριος Θ. Πατρινός.</subfield>
  </datafield>
  <datafield tag="260" ind1=" " ind2=" ">
   <subfield code="a">Αθήνα :</subfield>
   <subfield code="b">ΠΑπαζήσης,</subfield>
   <subfield code="c">2005.</subfield>
  </datafield>
  <datafield tag="300" ind1=" " ind2=" ">
   <subfield code="a">572 σ. ;</subfield>
   <subfield code="c">23 εκ.</subfield>
  </datafield>
  <datafield tag="500" ind1=" " ind2=" ">
   <subfield code="a">Περιεχόμενα :Βασικές έννοιες μάνατζμεντ, θεωρίες προσωπικότητας, θεωρίες διοίκησης προσωπικού, οργάνωση εργασίας και κίνητρα, εργασίες ομάδων και επιτροπών, ηθικό. Κίνητρα και παραγωγικότητα, επάνδρωση, αξιολόγηση προσωπικού, εκπαίδευση - μετεκπαίδευση, ηθική δεοντολογία και υποχρεώσεις managers και επιχειρήσεων / οργανισμών, case studies - πρακτικές περιπτώσεις, παραρτήματα αφορώντα επίκαιρα θέματα και γενική θεωρία του management, της ηθικής των επιχειρήσεων και του οργανωτικού πνευματικού πολιτισμού.</subfield>
  </datafield>
  <datafield tag="650" ind1=" " ind2="4">
   <subfield code="a">Διοίκηση και οργάνωση.</subfield>
  </datafield>
  <datafield tag="852" ind1=" " ind2=" ">
   <subfield code="a">INST</subfield>
   <subfield code="b">UNIPILB</subfield>
   <subfield code="c">MAIN</subfield>
   <subfield code="e">20120920</subfield>
   <subfield code="h">658.3 ΠΑΤ</subfield>
   <subfield code="p">00165566</subfield>
   <subfield code="q">00165566</subfield>
   <subfield code="t">LOAN</subfield>
   <subfield code="y">0</subfield>
   <subfield code="4">1</subfield>
  </datafield>
 </record>
</collection>
